English as a foreign language : its constant grammatical problems /

Bibliographic Details
Main Author: Close, R. A.
Format: Book
Language:English
Published: London ; Boston : Allen & Unwin, 1981.
Edition:3rd ed.
Subjects:

MARC

Tag First Indicator Second Indicator Subfields
LEADER 00000cam a2200000 a 4500
001 in00000078684
005 20151008053905.0
008 811016s1981 enka b 00110 eng d
020 |a 0044250258 
035 |a (OCoLC)07853158 
035 |9 AAH8973AM 
040 |a EEM  |c EEM  |d TXA  |d UtOrBLW 
049 |a TXAM  |c [1803436] 
090 |a PE1128  |b .C66 1981 
100 1 |a Close, R. A. 
245 1 0 |a English as a foreign language :  |b its constant grammatical problems /  |c R.A. Close. 
250 |a 3rd ed. 
264 1 |a London ;  |a Boston :  |b Allen & Unwin,  |c 1981. 
300 |a 219 pages :  |b illustrations ;  |c 22 cm. 
336 |a text  |b txt  |2 rdacontent 
337 |a unmediated  |b n  |2 rdamedia 
338 |a volume  |b nc  |2 rdacarrier 
504 |a Includes bibliographical references and index. 
650 0 |a English language  |v Textbooks for foreign speakers. 
999 |a MARS 
999 f f |s 151ffa8d-2b68-33dc-8e01-8fbb77cb5ea5  |i 72c6fbf3-35f4-3cd3-bdef-b48c87589c0b  |t 0 
952 f f |p normal  |a Texas A&M University  |b College Station  |c Sterling C. Evans Library  |d Evans: Library Stacks  |t 0  |e PE1128 .C66 1981  |h Library of Congress classification  |i unmediated -- volume  |m A14806174668 
998 f f |a PE1128 .C66 1981  |t 0  |l Evans: Library Stacks